000 01019nam a22003017a 4500
001 7861
003 FISKH
005 20250812102853.0
008 250812b cb ||||| |||| 00| 0 eng d
020 _a9780590639170
040 _aFISKH
_beng
_cFISKH
_dFISKH
050 _a PZ7.P2197 J
082 _a813.54
100 _aPark, Barbara
_d (1947–2013)
245 _aJunie B.Jones is a party animal /
_cBy Barbara Park ; Illustrated by Denise Brunkus
250 _aThis edition first published in 1999
260 _aNew York :
_bScholastic,
_c1997
300 _a71 pages :
_billustrations ;
_c20 cm
505 _aN
520 _aLucille invites Junie B. and her friend Grace to sleep over at her very rich nanna's house, where everything is beautiful, expensive, and breakable.
521 8 _a530
_bLexile
521 8 _aN
_bRaz-Plus
650 _2Realistic fiction
_aJunie B. Jones
650 _2Kindergarten
_aFunny
700 _aBrunkus, Denise
_dillustrator
942 _2ddc
_cBK
_n0
999 _c7861
_d7861